|
|
|
|
| LEADER |
00000nam0a2200000 4500 |
| 001 |
364599 |
| 005 |
20231102011714.0 |
| 035 |
|
|
|a (RuTPU)RU\TPU\retro\21957
|
| 090 |
|
|
|a 364599
|
| 100 |
|
|
|a 20211122d1979 km y0rusy50 ca
|
| 101 |
0 |
|
|a rus
|
| 102 |
|
|
|a UA
|
| 105 |
|
|
|a a z 001zy
|
| 200 |
1 |
|
|a Конструкционная прочность стекол и ситаллов
|f Академия наук Украинской ССР, Институт проблем прочности ; под ред. Г. С. Писаренко
|
| 210 |
|
|
|a Киев
|c Наукова думка
|d 1979
|
| 215 |
|
|
|a 284 с.
|c ил.
|
| 320 |
|
|
|a Библиогр.: с. 271-281
|
| 606 |
1 |
|
|a Стекло
|x Химическая стойкость
|2 stltpush
|3 (RuTPU)RU\TPU\subj\34573
|9 56492
|
| 610 |
1 |
|
|a конструкционная прочность
|
| 610 |
1 |
|
|a ситаллы
|
| 610 |
1 |
|
|a механические испытания
|
| 610 |
1 |
|
|a напряженное состояние
|
| 610 |
1 |
|
|a несущая способность
|
| 610 |
1 |
|
|a нагружение
|
| 610 |
1 |
|
|a расчет на прочность
|
| 675 |
|
|
|a 666.11
|v 4
|
| 702 |
|
1 |
|a Писаренко
|b Г. С.
|4 340
|
| 712 |
0 |
2 |
|a Академия наук Украинской ССР
|b Институт проблем прочности
|2 stltpush
|3 (RuTPU)RU\TPU\col\12440
|9 25399
|
| 801 |
|
1 |
|a RU
|b 63413507
|c 20211122
|
| 801 |
|
2 |
|a RU
|b 63413507
|c 20220328
|g RCR
|
| 942 |
|
|
|c BK
|